Statystyki dla Najlepsi szachiści w historii

Kliknij tutaj aby rozwiązać quiz!

Ogólne statystyki

  • Ten quiz został rozwiązany 30 razy
  • Średni wynik to 4 z 10

Statystyki odpowiedzi

HintOdpowiedź% Poprawnych
2#Magnus Carlsen
93%
3#Bobby Fischer
78%
1#Garry Kasparov
74%
5#Anatoly Karpov
48%
4#Jose Raul Capablanca
26%
9#Mikhail Tal
22%
7#Vladimir Kramnik
15%
8#Emanuel Lasker
11%
10#Alexander Alekhine
4%
6#Mikhail Botvinnik
0%

Rozkład punktacji

Percentyl według liczby udzielonych odpowiedzi

Procent ludzi z każdym wynikiem

Twoja historia wyników

Nie rozwiązałeś tego quizu